|
|
|
|
| LEADER |
01345nam a2200253 a 4500 |
| 001 |
16899 |
| 003 |
BD-DhAAL |
| 008 |
090506s1992 ii a b 001 0 eng d |
| 020 |
|
|
|a 0876924577
|
| 040 |
|
|
|a BD-DhAAL
|c BD-DhAAL
|
| 082 |
0 |
4 |
|a 620.106
|2 19
|
| 100 |
1 |
|
|a Mohanty, A. K
|9 41897
|
| 245 |
1 |
0 |
|a Fluid mechanics /
|c A.K. Mohanty.
|
| 260 |
|
|
|a New Delhi, India :
|b Prentice-Hall of India,
|c 1992.
|
| 300 |
|
|
|a xi, 432 p. :
|b ill. ;
|c 24 cm
|
| 504 |
|
|
|a Includes bibliographical references and index.
|
| 526 |
|
|
|a MNS
|x Gulshan Khatun
Faculty Member of BRAC University
Course Name : Fluid Mechanics (PHY 302)
|
| 541 |
1 |
|
|e 00016899, 16900
|a Ideal Library Ltd.
|
| 650 |
|
0 |
|a Fluid mechanics
|
| 852 |
4 |
|
|a Ayesha Abed Library
|c General Stacks
|
| 942 |
|
|
|2 ddc
|c BK
|
| 999 |
|
|
|c 9008
|d 9008
|
| 952 |
|
|
|0 0
|1 0
|2 ddc
|4 0
|6 620_106000000000000_MOH_1992
|7 0
|9 11131
|a BRACUL
|b BRACUL
|c GEN
|d 2010-06-21
|e Ideal Library Ltd.
|g 400.00
|l 1
|m 1
|o 620.106 MOH
|p 3010016899
|r 2017-10-02
|s 2017-09-24
|t 1
|w 2010-06-21
|y BK
|x Requisitioned by Gulshan Khatun for the course named- "Fluid Mechanics (PHY 302)".
|
| 952 |
|
|
|0 0
|1 0
|2 ddc
|4 0
|6 620_106000000000000_MOH_1992
|7 0
|9 11132
|a BRACUL
|b BRACUL
|c GEN
|d 2010-06-21
|e Ideal Library Ltd.
|g 400.00
|l 4
|m 18
|o 620.106 MOH
|p 3010016900
|r 2024-09-10
|s 2024-09-01
|t 2
|w 2010-06-21
|y BK
|x Requisitioned by Gulshan Khatun for the course named- "Fluid Mechanics (PHY 302)".
|